| 000 | 01644nam a2200253Ia 4500 | ||
|---|---|---|---|
| 999 |
_c37492 _d37492 |
||
| 001 | 3454 | ||
| 003 | GE_BSU | ||
| 005 | 20240213100316.0 | ||
| 008 | 181216s1995||||ge |||||||||||||| ||geo|| | ||
| 040 | _cGE_BSU | ||
| 041 | _ageo | ||
| 080 | _a378(061) ბ–17 | ||
| 245 |
_aბათუმის შოთა რუსთაველის სახ.სახ.უნივერსიტეტი _bშრომები : ტ.1, საბუნებისმეტყველო მეცნიერებათა სერია = Серия естественных наук = The series of natural / _cაზიზ ახვლედიანი საგამომც.საბჭოს თავმჯ. |
||
| 264 |
_aბათუმი : _bაჭარა, _c1995. |
||
| 300 |
_a187 გვ. ; _b20 სმ. |
||
| 440 |
_aსაბუნებისმეტყველო მეცნიერებათა სერია. _921216 |
||
| 653 | _aბათუმის შოთა რუსთაველის სახ.სახ.უნივერსიტეტი. | ||
| 653 | _aშრომები | ||
| 653 | _aსაბუნებისმეტყველო მეცნიერებანი | ||
| 700 |
_aახვლედიანი, აზიზ _eსაგამომცემლო საბჭოს თავმჯდომარე _92733 |
||
| 710 |
_aსაქ. რესპ. განათლების სამინისტრო _92736 |
||
| 710 |
_aბათუმის შ. რუსთაველის სახ. სახელმწ. უნ-ტი _92737 |
||
| 942 |
_cBK _2udc |
||